Jordanien und Libanon (Heilige Srätten) /

محفوظ في:

المؤلف الرئيسي: Schroeder, Kurt, Bonn. (مؤلف)

التنسيق: كتاب

اللغة: German

منشور في: Bonn : [publisher not identified], 1962.

الطبعة: 2., neubearb. u. erw. Aufl.

سلاسل: Kurt Schroeders Reiseführer.

الموضوعات:

الوسوم: إضافة وسم

لا توجد وسوم, كن أول من يضع وسما على هذه التسجيلة!

رقم الطلب: DS153.2 .S36 1962

LEADER 00786namaa2200241 4500
001 12921
003 OSt
005 20250507133033.0
008 130303s1962 gw abf 000 0 ger d
040 |c ARCE Library 
043 |a a-jo---  |a a-le--- 
050 4 |a DS153.2 .S36 1962 
100 1 |a Schroeder, Kurt,  |c Bonn.  |e author  |9 39502 
245 1 0 |a Jordanien und Libanon (Heilige Srätten) /  |c Kurt Schroeder. 
250 |a 2., neubearb. u. erw. Aufl. 
264 1 |a Bonn :  |b [publisher not identified],  |c 1962. 
300 |a 291 pages :  |b illustrations, maps (part folded, part color), plates ;  |c 18 cm. 
490 0 |a Kurt Schroeders Reiseführer. 
651 0 |a Jordan  |x Description and travel. 
651 0 |a Lebanon  |x Description and travel. 
901 |a reviewed 
942 |c BK  |2 lcc 
999 |c 11484  |d 11484